<?xml version="1.0" encoding="UTF-8"?>
<marc:record xmlns:marc="http://www.loc.gov/MARC21/slim">
   <marc:leader>00000nam a2200000 a 4500</marc:leader>
   <marc:datafield ind1="1" ind2=" " tag="100">
      <marc:subfield code="a">Petzold, Bert Alexander</marc:subfield>
      <marc:subfield code="4">ctb</marc:subfield>
      <marc:subfield code="e">Mitwirkende/-r</marc:subfield>
   </marc:datafield>
   <marc:datafield ind1="1" ind2=" " tag="100">
      <marc:subfield code="a">Zamperoni, Luca</marc:subfield>
      <marc:subfield code="4">ctb</marc:subfield>
      <marc:subfield code="e">Mitwirkende/-r</marc:subfield>
   </marc:datafield>
   <marc:datafield ind1="1" ind2=" " tag="100">
      <marc:subfield code="a">Carlo, Collodi</marc:subfield>
      <marc:subfield code="4">ctb</marc:subfield>
      <marc:subfield code="e">Mitwirkende/-r</marc:subfield>
   </marc:datafield>
   <marc:datafield ind1=" " ind2=" " tag="653">
      <marc:subfield code="a">Märchen</marc:subfield>
   </marc:datafield>
   <marc:datafield ind1=" " ind2=" " tag="653">
      <marc:subfield code="a">Pinocchio</marc:subfield>
   </marc:datafield>
   <marc:datafield ind1=" " ind2=" " tag="653">
      <marc:subfield code="a">Mario Adorf</marc:subfield>
   </marc:datafield>
   <marc:datafield ind1=" " ind2=" " tag="653">
      <marc:subfield code="a">Ulrich Tukur</marc:subfield>
   </marc:datafield>
   <marc:datafield ind1=" " ind2=" " tag="653">
      <marc:subfield code="a">Anke Engelke</marc:subfield>
   </marc:datafield>
   <marc:datafield ind1=" " ind2=" " tag="653">
      <marc:subfield code="a">Luca Zamperoni</marc:subfield>
   </marc:datafield>
   <marc:datafield ind1=" " ind2=" " tag="653">
      <marc:subfield code="a">Kassette / Kinder- und Jugendbücher/Märchen</marc:subfield>
   </marc:datafield>
   <marc:datafield ind1=" " ind2=" " tag="653">
      <marc:subfield code="a">Sagen</marc:subfield>
   </marc:datafield>
   <marc:datafield ind1=" " ind2=" " tag="653">
      <marc:subfield code="a">CD</marc:subfield>
   </marc:datafield>
   <marc:datafield ind1=" " ind2=" " tag="653">
      <marc:subfield code="a">Märchen und Sagen für Kinder und Jugendliche</marc:subfield>
   </marc:datafield>
   <marc:datafield ind1="0" ind2="0" tag="245">
      <marc:subfield code="a">Pinocchio</marc:subfield>
   </marc:datafield>
   <marc:datafield ind1="0" ind2="0" tag="245">
      <marc:subfield code="b">Hörspiel</marc:subfield>
   </marc:datafield>
   <marc:datafield ind1="0" ind2="0" tag="245">
      <marc:subfield code="c">Hörspielbearb.: Bert Alexander Petzold ; Kati Schaefer. Erzähler: Luca Zamperoni. Hörspielregie: Bert Alexander Petzold ; Kati Schaefer. Telepool ...</marc:subfield>
   </marc:datafield>
   <marc:datafield ind1=" " ind2="1" tag="264">
      <marc:subfield code="a">Leipzig</marc:subfield>
      <marc:subfield code="b">Amor</marc:subfield>
   </marc:datafield>
   <marc:datafield ind1="1" ind2=" " tag="520">
      <marc:subfield code="a">Angaben aus der Verlagsmeldung

Pinocchio Hörspiel, 2 CDs : mit Mario Adorf, Anke Engelke, Ulrich Tukur u.a. Erzähler: Luca Zamperoni / von Collodi Carlo

Ein Hörspiel nach dem zweiteiligen Film Pinocchio, Regie: Anne Justice, produziert von FFP New Media GmbH 2013 in Koproduktion mit der ARD unter Federführung des WDR.Mit Unterstützung der Film- und Medienstiftung NRW. Der arme, alte Geppetto staunt nicht schlecht, als die von ihm aus einem Stück Holz geschnitzte Figur plötzlich quicklebendig wird. Schnell sorgt Pinocchio im ganzen Dorf für Aufregung. Die Holzpuppe hat fast alles, was einen richtigen Jungen ausmacht. Vor allem einen gesunden Appetit und
jede Menge Unsinn im Kopf. Mit der Wahrheit nimmt es Pinocchio nicht immer so genau. Doch bei
jeder Lüge wird seine Nase länger und länger. Pinocchio schwänzt die Schule, rührt den Direktor des Puppentheaters, Mangiafuoco, zu Tränen und stürzt sich von einem Abenteuer in das andere. Auf einer fantastischen Reise macht Pinocchio Bekanntschaft mit Füchsin und Kater, zwei zwielichtigen Gesellen, gelangt in das märchenhafte Wunderland, wird in einen Esel verwandelt – und findet sich schließlich sogar im Bauch eines riesigen Fisches wieder. Einen Traum verfolgt er dabei mehr als jeden anderen: endlich ein richtiger Junge zu werden, ein Junge aus Fleisch und Blut.
</marc:subfield>
   </marc:datafield>
   <marc:datafield ind1=" " ind2=" " tag="020">
      <marc:subfield code="a">9783944063126</marc:subfield>
      <marc:subfield code="9">9783944063126</marc:subfield>
   </marc:datafield>
   <marc:datafield ind1=" " ind2=" " tag="041">
      <marc:subfield code="a">ger</marc:subfield>
   </marc:datafield>
   <marc:datafield ind1=" " ind2=" " tag="300">
      <marc:subfield code="a">2 CDs (ca. 160 Min.)</marc:subfield>
   </marc:datafield>
</marc:record>
